| 000 | 02596nam a22003737a 4500 | ||
|---|---|---|---|
| 999 |
_c21872 _d21872 |
||
| 003 | AR-CdUCM | ||
| 008 | 190425b ||||| |||| 00| 0 spa d | ||
| 040 |
_aMUNICIPALIDAD PROVINCIAL DEL CUSCO _cBIBLIOTECA MUNICIPAL DEL CUSCO |
||
| 082 | _aRev.DIMA/N°24/1991 | ||
| 110 |
_aInstituto y Museo Arqueológico de la Universidad Nacional del Cuzco _946550 |
||
| 245 |
_aRevista del Museo e Instituto Arqueológico / _cUniversidad Nacional de San Antonio Abad del Cusco |
||
| 260 |
_aCusco : _bUniversidad Nacional de San Antonio Abad del Cusco, _c1991. |
||
| 300 |
_a324 páginas. : _bilustraciones ; _c21 cm. |
||
| 440 |
_aRevista del Museo e Instituto de Arqueología. _nN°24, Año 1991. _946589 |
||
| 505 | _aContenido: Arqueología preinka e Inka. -- Investigaciones en Pikillacta. -- El estilo Inca como tradición. -- Arquitectura de la Chulpa del lagarto de Sillustani Puno. -- Etnohistoria Inka. -- Superposición en la investigación histórica y arqueológica el caso de Hatunqolla. -- Los monumentos perdidos de la plaza mayor del Cuzco inkaico. -- Consideraciones históricas acerca del cultivo de la hoja de coca a inicios de la colonia. -- Tecnología andina. -- La etnografía de caza tradicional en el mundo andino. -- Experiencias y alternativas en la tecnología en Qocha. -- Conocimiento y creencias en la construcción mantenimiento y uso de un sistema de riego andino. -- Arte e ideología. -- Recursos retóricos y temas literarios en Waynos del Cuzco. -- Tiempo del espacio y espacio del tiempo en los andes. -- Taytacha Qoylluriti el cristo de la nieve resplandeciente. -- Peregrinación de San Sebastián en Qoyllurit´i. Crónicas universitarias. -- La casa de don Jerónimo Luis de Cabrera y de la Cerda en el Cusco, su historia y su restauración arquitectónica. -- Con Jorge Luis Borges en Cusco. -- I simposio Iberoamericano de estudios indigenistas. | ||
| 650 |
_aArqueología cusqueña _99322 |
||
| 650 |
_aPikillaqta _946557 |
||
| 650 |
_aTecnología andina _910426 |
||
| 650 |
_aInkas _91899 |
||
| 650 |
_aReligiosidad andina _944127 |
||
| 650 |
_aArte e ideología _946590 |
||
| 650 |
_aEtnohistoria andina _946591 |
||
| 700 |
_aMcEwan, Gordon _946592 |
||
| 700 |
_aBridgen Dwyer, Edwar _946593 |
||
| 700 |
_aJean Julien, Catherine _946594 |
||
| 700 |
_aRowe, John _946023 |
||
| 700 |
_aChávez Ballón, Manuel _945977 |
||
| 700 |
_aMurra, John _946595 |
||
| 700 |
_aZans Candia, Leandro _946090 |
||
| 700 |
_aFlores Ochoa, Jorge _92915 |
||
| 710 |
_aUniversidad Nacional de San Antonio Abad del Cusco _915942 |
||
| 942 |
_2ddc _cPP |
||
| 945 | _arac | ||